[Event "Championnat de France Junior"]
[Site "CALVI"]
[Date "2005.04.20"]
[Round "5.3"]
[White "Jolly, Jean-Francois"]
[Black "Gregoire, Sylvain"]
[Result "1-0"]
[WhiteElo "2176"]
[BlackElo "2280"]
[PlyCount "65"]
[EventDate "2005.??.??"]
[SourceDate "2005.04.17"]

1. e4 c5 2. Nf3 Nc6 3. d4 cxd4 4. Nxd4 e5 5. Nb5 d6 6. N1c3 a6 7. Na3 b5 8. Nd5
Nce7 9. c4 Nxd5 10. exd5 bxc4 11. Nxc4 Nf6 12. Be3 Rb8 13. a4 Ng4 14. Bd2 Be7
15. Be2 Nf6 16. Be3 O-O 17. a5 Rb5 18. Nb6 Rxb2 19. Qc1 Rxe2+ 20. Kxe2 Bd7 21.
Nxd7 Qxd7 22. Qc4 Rc8 23. Qxa6 Qf5 24. Kf1 Nxd5 25. Qe2 Qe4 26. a6 Nc3 27. f3
Qf5 28. Qd2 e4 29. a7 Qb5+ 30. Kf2 exf3 31. a8=Q Rxa8 32. Rxa8+ Bf8 33. gxf3
1-0

[Event "Championnat de France Junior"]
[Site "CALVI"]
[Date "2005.04.20"]
[Round "5.4"]
[White "Vitoux, Colomban"]
[Black "Tournier, Mathieu"]
[Result "1/2-1/2"]
[WhiteElo "2265"]
[BlackElo "2202"]
[PlyCount "147"]
[EventDate "2005.??.??"]
[SourceDate "2005.04.17"]

1. d4 d5 2. Nc3 Nf6 3. Bg5 c6 4. Qd3 g6 5. f3 Bg7 6. e4 h6 7. Bh4 dxe4 8. fxe4
O-O 9. Nf3 Bg4 10. O-O-O Nbd7 11. h3 Bxf3 12. Qxf3 Qa5 13. e5 Nd5 14. Nxd5 cxd5
15. Bxe7 Rfc8 16. Bd3 Qxa2 17. Rhf1 Rf8 18. Bxf8 Rxf8 19. c3 Nb6 20. e6 f5 21.
Qe2 Bf6 22. g3 Bg5+ 23. Rf4 Rc8 $11 24. e7 Re8 25. h4 Rxe7 26. Qg2 Bxf4+ 27.
gxf4 Qa1+ 28. Bb1 Rg7 29. Re1 Qa4 30. h5 Qc6 31. Re5 gxh5 32. Qh1 Qg6 33. Qe1
Qg4 34. Bxf5 Qg1 35. Be6+ Kf8 36. b3 Qxe1+ 37. Rxe1 Rg3 38. Kb2 Rf3 39. f5 Rg3
40. Rh1 Rg2+ 41. Ka3 Rg5 42. Kb4 Ke7 43. Ra1 a6 44. Kc5 Nd7+ 45. Kxd5 Nf6+ 46.
Kc5 Rg3 47. Re1 Rxc3+ 48. Bc4+ Kd7 49. Re6 Ng4 50. Rd6+ Kc7 51. Rg6 b6+ 52.
Rxb6 Rf3 53. Rc6+ Kb7 54. Rb6+ Kc7 55. Rc6+ Kb7 56. Bd5 Rxf5 57. Rg6+ Kb8 58.
Rg8+ Kc7 59. Rg7+ Kd8 60. Kd6 Nf6 61. Bc6 Rd5+ 62. Bxd5 Ne8+ 63. Kc6 Nxg7 64.
Bc4 Nf5 65. Kc5 a5 66. Be6 Ng7 67. Bh3 Kc7 68. Kb5 Kd6 69. Kxa5 Kd5 70. b4 Ne8
71. Kb6 Nd6 72. Kc7 Nb5+ 73. Kd7 Nxd4 74. Ke7 1/2-1/2

[Event "Championnat de France Junior"]
[Site "CALVI"]
[Date "2005.04.20"]
[Round "5.5"]
[White "Jessel, Stephen"]
[Black "Mourot, Felix"]
[Result "0-1"]
[WhiteElo "2256"]
[BlackElo "2186"]
[PlyCount "106"]
[EventDate "2005.??.??"]
[SourceDate "2005.04.17"]

1. e4 c5 2. Nf3 Nc6 3. d4 cxd4 4. Nxd4 g6 5. c4 Nf6 6. Nc3 d6 7. Be2 Nxd4 8.
Qxd4 Bg7 9. O-O O-O 10. Qd3 Be6 11. Be3 Rc8 12. b3 a6 13. Bd4 Nd7 14. Bxg7 Kxg7
15. f4 Qa5 16. Rac1 Nf6 17. h3 Qc5+ 18. Kh2 h5 19. g3 Bd7 20. Qd2 Qa5 21. Qb2
e5 22. Rcd1 h4 23. g4 Bc6 24. Rxd6 Ne8 25. Rd2 exf4 26. Nd5+ Kh7 27. b4 Qd8 28.
Rxf4 Qg5 29. Qd4 Bxd5 30. exd5 f5 31. Bf1 Nd6 32. Rg2 Ne4 33. Qe3 Rce8 34. gxf5
Ng3 35. Qf2 Rxf5 36. Rxf5 gxf5 37. Bd3 Re3 38. Qd2 Qf4 39. Kg1 Qd4 40. Bf1 Rd3+
41. Qf2 Rd1 42. Rxg3 Qxf2+ 43. Kxf2 hxg3+ 44. Ke2 Rc1 45. d6 Rxc4 46. Bg2 Rxb4
47. d7 Rd4 48. Bxb7 Rxd7 49. Bxa6 f4 50. a4 Kh6 51. Bb5 Rb7 52. Kf3 Kg5 53. h4+
Kxh4 0-1

[Event "Championnat de France Junior"]
[Site "CALVI"]
[Date "2005.04.20"]
[Round "5.6"]
[White "Laval, Brice"]
[Black "Perez, Flavio"]
[Result "1-0"]
[WhiteElo "2163"]
[BlackElo "2237"]
[PlyCount "76"]
[EventDate "2005.??.??"]
[SourceDate "2005.04.17"]

1. e4 c5 2. Nf3 e6 3. d4 cxd4 4. Nxd4 Nc6 5. Nxc6 bxc6 6. Bd3 e5 7. O-O Bc5 8.
c4 Nf6 9. Nd2 d6 10. Qc2 Be6 11. Nb3 Bb6 12. c5 Bxb3 13. axb3 dxc5 14. b4 Qd6
15. bxc5 Qxc5 16. Qe2 O-O 17. Bg5 Nd7 18. Bc4 Qd6 19. Ra3 h6 20. Bc1 Nf6 21.
Rd1 Bd4 22. Rg3 Kh8 23. Rdd3 Qc5 24. b3 Rad8 25. Rh3 Rd6 26. g4 Nh7 27. g5 Rg6
28. Rdg3 hxg5 29. Rxg5 Qe7 30. Rgg3 Qf6 31. Kf1 Rxg3 32. hxg3 g5 33. Rh2 Kg7
34. f4 Rh8 35. Qf3 Nf8 36. Rxh8 Kxh8 37. Qh5+ Nh7 38. Bxf7 Qg7 1-0

[Event "Championnat de France Junior"]
[Site "CALVI"]
[Date "2005.04.20"]
[Round "5.7"]
[White "Pietrasanta, Jeremy"]
[Black "Flament, Francois"]
[Result "1-0"]
[WhiteElo "2220"]
[BlackElo "2159"]
[PlyCount "69"]
[EventDate "2005.??.??"]
[SourceDate "2005.04.17"]

1. e4 c5 2. Nf3 Nc6 3. Bb5 g6 4. Bxc6 dxc6 5. d3 Bg7 6. h3 e5 7. Be3 Qe7 8. Qd2
f6 9. a3 a5 10. Qc3 Bf8 11. Nbd2 Be6 12. O-O Ra6 13. Rfb1 Nh6 14. Nb3 b6 15.
Nbd2 b5 16. b4 cxb4 17. axb4 axb4 18. Qb2 Ra3 19. Nb3 $11 Bxb3 20. cxb3 Nf7 21.
d4 Bg7 22. Rc1 exd4 23. Bxd4 Rxa1 24. Qxa1 O-O 25. Bc5 Nd6 26. Rd1 Rd8 27. Qd4
Bf8 28. e5 fxe5 29. Nxe5 Qc7 30. Bb6 Nf5 31. Qxd8 Qxe5 32. Rc1 Kg7 33. Qd7+ Kg8
34. Qxc6 Nh4 35. Bc5 1-0

[Event "Championnat de France Junior"]
[Site "CALVI"]
[Date "2005.04.20"]
[Round "5.8"]
[White "Faure, Nicolas"]
[Black "Besson, Bastien"]
[Result "0-1"]
[WhiteElo "2008"]
[BlackElo "2238"]
[PlyCount "71"]
[EventDate "2005.??.??"]
[SourceDate "2005.04.17"]

1. d4 g6 2. c4 Bg7 3. Nc3 c5 4. dxc5 Bxc3+ 5. bxc3 Qa5 6. Bd2 f5 7. Nf3 Nf6 8.
Nd4 Qxc5 9. e3 b6 10. Be2 Bb7 11. O-O O-O 12. a4 Ne4 13. f3 Nxd2 14. Qxd2 Na6
15. Kh1 Qe5 16. a5 Nc5 17. axb6 axb6 18. Rab1 Ra6 19. Nb3 Qc7 20. Nc1 Rfa8 21.
Nd3 Ra3 22. Nb4 Qe5 23. Nd3 Qd6 24. Rfd1 Na4 25. Rbc1 Qf6 26. Nb4 Nxc3 27. Re1
Nxe2 28. Rxe2 Ra1 29. Ree1 d6 30. Nd5 Bxd5 31. Qxd5+ Kg7 32. Kg1 R8a5 33. Qb7
R1a2 34. Qxb6 Qg5 35. g3 Rxh2 36. g4 0-1

[Event "Championnat de France Junior"]
[Site "CALVI"]
[Date "2005.04.20"]
[Round "5.9"]
[White "Bijaoui, Manuel"]
[Black "Giraudo, Samuel"]
[Result "1-0"]
[WhiteElo "2345"]
[BlackElo "2030"]
[PlyCount "83"]
[EventDate "2005.??.??"]
[SourceDate "2005.04.17"]

1. e4 c6 2. d4 d5 3. Nd2 dxe4 4. Nxe4 Bf5 5. Ng3 Bg6 6. Nf3 Nd7 7. h4 h6 8. h5
Bh7 9. Bd3 Bxd3 10. Qxd3 e6 11. Bf4 Qa5+ 12. Bd2 Qc7 13. O-O-O O-O-O 14. Kb1
Ngf6 15. c4 c5 16. Bc3 Bd6 17. Ne4 Nxe4 18. Qxe4 Nf6 19. Qe2 Rhe8 20. Ne5 Bxe5
21. dxe5 Nd7 22. Qg4 Rg8 23. Qf4 f6 24. Qg4 Nxe5 25. Qxe6+ Kb8 26. b3 Rge8 27.
Qf5 Qc8 28. Qf4 Ka8 29. Rd5 Rxd5 30. cxd5 Qd7 31. Rd1 Qd6 32. Qe4 Re7 33. f4
Nf7 34. Qg6 Nd8 35. Qf5 Kb8 36. g4 Nf7 37. Qg6 Nh8 38. Qh7 Qd8 39. g5 fxg5 40.
fxg5 hxg5 41. Bxg7 Nf7 42. Bf6 1-0

[Event "Championnat de France Junior"]
[Site "CALVI"]
[Date "2005.04.20"]
[Round "5.10"]
[White "Boursier, Julien"]
[Black "Pucher, Sebastien"]
[Result "0-1"]
[WhiteElo "2056"]
[BlackElo "2181"]
[PlyCount "96"]
[EventDate "2005.??.??"]
[SourceDate "2005.04.17"]

1. d4 Nf6 2. Nf3 g6 3. Bg5 Ne4 4. Bh4 Bg7 5. Nbd2 d5 6. e3 c5 7. c3 Nxd2 8.
Qxd2 b6 9. Ne5 O-O 10. Be2 Bb7 11. Rd1 f6 12. Nd3 Qd6 13. f4 Nd7 14. Bg4 e6 15.
O-O Ba6 16. Rfe1 Bxd3 17. Qxd3 c4 18. Qd2 f5 19. Bf3 b5 20. Rf1 a5 21. a3 Rfb8
22. Ra1 Ra7 23. Rfb1 Rab7 24. Be1 Bf8 25. Qc1 Qc6 26. Bd1 Nf6 27. Bc2 b4 28.
axb4 axb4 29. Ba4 Qc7 30. b3 bxc3 31. Qxc3 Bb4 32. Qc2 c3 33. Rc1 Ne4 34. Qd3
h6 35. Rc2 Qa5 36. Raa2 Qb6 37. g3 g5 38. Qe2 gxf4 39. gxf4 Kh7 40. Qh5 Rg8+
41. Rg2 Rbg7 42. Be8 Nf6 43. Qh4 Rxg2+ 44. Rxg2 Rxg2+ 45. Kxg2 Nxe8 46. Qh5 Ng7
47. Qf7 c2 48. Bxb4 Qxb4 0-1

[Event "Championnat de France Junior Fille"]
[Site "CALVI"]
[Date "????.??.??"]
[Round "5.1"]
[White "Chaumont, Adeline"]
[Black "Penalver, Marion"]
[Result "0-1"]
[WhiteElo "2047"]
[BlackElo "1902"]
[PlyCount "98"]
[EventDate "2005.??.??"]
[SourceDate "2005.04.17"]

1. d4 Nf6 2. c4 e6 3. Nc3 Bb4 4. Qc2 O-O 5. Bg5 d6 6. Nf3 Nbd7 7. e4 e5 8. d5
Nc5 9. Bd3 Bxc3+ 10. Qxc3 a5 11. Qc2 h6 12. Bxf6 Qxf6 13. O-O Qg6 14. Kh1 Bd7
15. Nd2 Rab8 16. b3 Qg5 17. Rae1 Kh8 18. Re3 Rbe8 19. Rg3 Qf4 20. Qc3 b6 21.
Bc2 Bg4 22. Qe3 Qxe3 23. Rxe3 Bd7 24. a3 Ra8 25. f4 exf4 26. Rxf4 b5 27. Ref3
Kg8 28. Rg3 b4 29. a4 Rae8 30. Kg1 Re7 31. Rh4 Kh8 32. Re3 f5 33. Rf3 Ref7 34.
exf5 Bxf5 35. Bxf5 Rxf5 36. Kf2 Rxf3+ 37. gxf3 Kh7 38. Rg4 g5 39. h4 Kg6 40.
hxg5 hxg5 41. Rg1 Re8 42. Rb1 Kf5 43. Nf1 Kf4 44. Ng3 Nd3+ 45. Kg2 Ke3 46. Ne4
g4 47. Ng3 gxf3+ 48. Kf1 Rf8 49. Rd1 Kd4 0-1

[Event "Championnat de France Junior Fille"]
[Site "CALVI"]
[Date "????.??.??"]
[Round "5.2"]
[White "Benmesbah, Sarah"]
[Black "Marchais, Aurelie"]
[Result "1-0"]
[WhiteElo "1800"]
[BlackElo "1822"]
[PlyCount "93"]
[EventDate "2005.??.??"]
[SourceDate "2005.04.17"]

1. e4 c5 2. Nc3 Nc6 3. f4 g6 4. Nf3 Bg7 5. a3 e6 6. Bc4 Nge7 7. d3 d5 8. Ba2
O-O 9. O-O Rb8 10. Qe1 b5 11. Ne2 b4 12. a4 Na5 13. Qh4 b3 14. cxb3 Nxb3 15. f5
exf5 16. Bh6 fxe4 17. Bxg7 Kxg7 18. Ng5 h6 {Diagram #} 19. Rxf7+ Rxf7 20. Nxf7
Kxf7 21. Rf1+ Bf5 22. g4 Nd2 23. gxf5 Nxf1 24. fxg6+ Nxg6 25. Qxh6 Rxb2 26.
Qh7+ Kf6 27. Nf4 Qe8 28. Nxd5+ Kg5 29. h4+ Nxh4 30. Qg7+ Qg6 31. Qxb2 Ng3 32.
Qd2+ Kg4 33. Ne3+ Kh5 34. Qd1+ Nf3+ 35. Kf2 Nf5 36. Nxf5 Qxf5 37. dxe4 Qxe4 38.
Qxf3+ Qxf3+ 39. Kxf3 Kg5 40. Ke4 Kf6 41. Kd5 Ke7 42. Kxc5 Kd7 43. Kb5 Kc7 44.
Ka6 Kc6 45. a5 Kc7 46. Kxa7 Kc8 47. Bd5 1-0

[Event "Championnat de France Junior Fille"]
[Site "CALVI"]
[Date "????.??.??"]
[Round "5.3"]
[White "Ficet, Aline"]
[Black "Levacic, Melissa"]
[Result "0-1"]
[WhiteElo "1730"]
[BlackElo "1997"]
[PlyCount "94"]
[EventDate "2005.??.??"]
[SourceDate "2005.04.17"]

1. e4 e5 2. Nf3 Nc6 3. Bb5 Nf6 4. O-O Nxe4 5. Re1 Nd6 6. Nxe5 Nxe5 7. Rxe5+ Be7
8. Bd3 O-O 9. Nc3 Bf6 10. Re1 c6 11. b3 b6 12. Bb2 Bb7 13. Rb1 $11 c5 14. Qg4
Re8 15. Ba1 g6 16. Re2 Rxe2 17. Qxe2 Qc7 18. Re1 Qc6 19. Qf1 Bg7 20. Nb5 a6 21.
Nxd6 Qxd6 22. Bxg7 Kxg7 23. Qe2 Qe6 24. Qxe6 dxe6 25. Be4 Bxe4 26. Rxe4 Rd8 27.
d3 Rd6 28. g3 g5 29. Kg2 Kg6 30. Kf3 f5 31. Re3 Kf6 32. Re2 Rd4 33. Re3 h5 34.
Re2 e5 35. Re3 b5 36. Re2 h4 37. Kg2 c4 38. Re3 a5 39. f3 a4 40. Kf2 axb3 41.
cxb3 cxb3 42. axb3 Rb4 43. Re2 Rxb3 44. Ke3 hxg3 45. hxg3 f4+ 46. gxf4 gxf4+
47. Kf2 Rxd3 0-1

[Event "Championnat de France Junior Fille"]
[Site "CALVI"]
[Date "????.??.??"]
[Round "5.4"]
[White "Huisman, Chloe"]
[Black "Swiercz, Sandra"]
[Result "0-1"]
[WhiteElo "2017"]
[BlackElo "1948"]
[PlyCount "98"]
[EventDate "2005.??.??"]
[SourceDate "2005.04.17"]

1. Nf3 e6 2. g3 Nf6 3. Bg2 d5 4. O-O Bd6 5. d3 Nc6 6. Nc3 O-O 7. e4 dxe4 8.
dxe4 e5 9. h3 Be6 10. Qe2 h6 11. Be3 Qd7 12. Kh2 Rfd8 13. Rad1 Qe8 14. a3 Na5
15. Nd2 Nc6 16. f4 Qe7 17. f5 Bd7 18. Nd5 Nxd5 19. exd5 Nd4 20. Qh5 Nxf5 21.
Rxf5 g6 22. Qxh6 Bxf5 23. Ne4 Bxe4 24. Bxe4 Qf8 25. Qg5 Be7 26. Qxe5 Bd6 27.
Qg5 Re8 28. Bd3 Re5 29. Qf4 Rae8 30. Bf2 Re1 31. Qg4 Rxd1 32. Qxd1 Bc5 33. Be1
Qe7 34. Bd2 Qe5 35. Bc3 Bd4 36. Bb4 Bxb2 37. Qg4 Bc3 38. Bb5 Rd8 39. Qh4 Rxd5
40. Bxc3 Qxc3 41. Bd3 Qxa3 42. Qe4 c6 43. h4 Qc5 44. Kh3 a5 45. g4 Re5 46. Qg2
Re3+ 47. Kh2 Qe5+ 48. Kh1 Rg3 49. Qf1 Rxg4 0-1

[Event "Championnat de France Junior Fille"]
[Site "CALVI"]
[Date "????.??.??"]
[Round "5.5"]
[White "Roos, Eliane"]
[Black "Wolfangel, Florence"]
[Result "0-1"]
[WhiteElo "1950"]
[BlackElo "1926"]
[PlyCount "64"]
[EventDate "2005.??.??"]
[SourceDate "2005.04.17"]

1. d4 e6 2. c4 b6 3. Nc3 f5 4. e4 fxe4 5. Nxe4 Nf6 6. Nxf6+ Qxf6 7. Nf3 Bb7 8.
Be2 Nc6 9. a3 h6 10. Bd2 O-O-O 11. Bc3 d5 12. Qc2 g5 13. O-O-O Bg7 14. Rhe1 h5
15. Kb1 Rhf8 16. Rf1 g4 17. Ne5 Nxe5 18. dxe5 Qg5 19. cxd5 exd5 20. e6 d4 21.
Bb4 c5 22. Bd2 Qe5 23. f4 Qxe6 24. Bc4 Qf6 25. Bc1 Rfe8 26. Rfe1 a6 27. g3 b5
28. Bxb5 axb5 29. Qxc5+ Qc6 30. Qf5+ Kb8 31. Qxh5 Rxe1 32. Rxe1 d3 0-1

[Event "Championnat de France Junior"]
[Site "CALVI"]
[Date "2005.04.21"]
[Round "6.1"]
[White "Fargere, Francois"]
[Black "Cornette, Matthieu"]
[Result "0-1"]
[WhiteElo "2259"]
[BlackElo "2362"]
[PlyCount "42"]
[EventDate "2005.??.??"]
[SourceDate "2005.04.17"]

1. e4 c5 2. Nf3 d6 3. c3 Nf6 4. Be2 Bg4 5. O-O e6 6. d3 Nc6 7. Nbd2 d5 8. Qc2
Qc7 9. h3 Bh5 10. g4 Bg6 11. Nh4 O-O-O 12. f4 c4 13. e5 Nxe5 14. fxe5 Qxe5 15.
Qd1 Qg3+ 16. Ng2 cxd3 17. Rf3 dxe2 18. Qxe2 Qc7 19. Nb3 Be4 20. Rf1 Qc4 21. g5
Bd6 0-1

[Event "Championnat de France Junior"]
[Site "CALVI"]
[Date "2005.04.21"]
[Round "6.2"]
[White "Karim, Ismael"]
[Black "Jolly, Jean-Francois"]
[Result "0-1"]
[WhiteElo "2230"]
[BlackElo "2176"]
[PlyCount "134"]
[EventDate "2005.??.??"]
[SourceDate "2005.04.17"]

1. e4 e5 2. Nf3 Nc6 3. Bb5 a6 4. Ba4 Nf6 5. O-O Be7 6. Re1 b5 7. Bb3 O-O 8. d4
d6 9. c3 Bg4 10. Be3 Na5 11. Bc2 Nc4 12. Bc1 c5 13. d5 Qc7 14. h3 Bd7 15. b3
Nb6 16. Nbd2 a5 17. c4 a4 18. g4 axb3 19. Bxb3 bxc4 20. Nxc4 Nxc4 21. Bxc4 Ba4
22. Qd3 Rfb8 23. Bd2 h6 24. Kh2 Nh7 25. Bc3 Bg5 26. Nxg5 hxg5 27. Bd2 Rb7 28.
Kg3 f6 29. Rh1 Nf8 30. h4 gxh4+ 31. Rxh4 Ng6 32. Rh5 Nf4 33. Bxf4 exf4+ 34. Kg2
Be8 35. Rhh1 Bg6 36. Rhb1 Rab8 37. Rb3 Rxb3 38. Bxb3 Rb4 39. Bc4 Qe7 40. Re1
Qe5 41. Kf3 f5 42. gxf5 Bxf5 43. Rg1 Bh3 44. Rh1 Bd7 45. Rb1 g5 46. Rxb4 g4+
47. Kg2 cxb4 48. Ba6 Be8 49. Qc2 Qc3 50. Bd3 Bb5 51. Qxc3 bxc3 52. Bc2 Kf8 53.
a4 Ba6 54. a5 Ke7 55. Ba4 Kd8 56. Bc2 Bb5 57. Bd1 Kc7 58. Bc2 Kb8 59. Bb1 Ka7
60. e5 dxe5 61. d6 Kb8 62. Bc2 Kc8 63. Bf5+ Kd8 64. Kg1 Ba4 65. a6 c2 66. Bxc2
Bxc2 67. a7 Be4 0-1

[Event "Championnat de France Junior"]
[Site "CALVI"]
[Date "2005.04.21"]
[Round "6.3"]
[White "Mourot, Felix"]
[Black "Pietrasanta, Jeremy"]
[Result "1/2-1/2"]
[WhiteElo "2186"]
[BlackElo "2220"]
[PlyCount "32"]
[EventDate "2005.??.??"]
[SourceDate "2005.04.17"]

1. d4 Nf6 2. c4 e6 3. Nf3 Bb4+ 4. Bd2 Bxd2+ 5. Qxd2 d6 6. Nc3 Nbd7 7. g3 O-O 8.
Bg2 Re8 9. O-O e5 10. e4 a6 11. Rfe1 b6 12. Rad1 Bb7 13. Nd5 exd4 14. Nxd4 Nc5
15. f3 a5 16. Qg5 Bxd5 1/2-1/2

[Event "Championnat de France Junior"]
[Site "CALVI"]
[Date "2005.04.21"]
[Round "6.4"]
[White "Besson, Bastien"]
[Black "Laval, Brice"]
[Result "1/2-1/2"]
[WhiteElo "2238"]
[BlackElo "2163"]
[PlyCount "134"]
[EventDate "2005.??.??"]
[SourceDate "2005.04.17"]

1. e4 d6 2. d4 Nf6 3. Nc3 Nbd7 4. f4 e5 5. Nf3 exd4 6. Qxd4 c6 7. f5 d5 8. e5
Bc5 9. Qf4 Qe7 10. Be2 Ne4 11. Nxe4 dxe4 12. Qxe4 O-O 13. Be3 Re8 14. Bxc5 Qxc5
15. O-O-O Nf6 16. Qh4 Bxf5 17. Bd3 Bxd3 18. Rxd3 Nd5 19. Qe4 Nb4 20. Rb3 a5 21.
Ng5 Rxe5 22. Qxh7+ Kf8 23. Nxf7 Rf5 24. Rxb4 axb4 25. Qh8+ Kxf7 26. Qxa8 Rf2
27. Qa4 Qg5+ 28. Kb1 Qxg2 29. Qb3+ Kg6 30. Re1 Qxh2 31. Qxb4 Rf6 32. Qe4+ Rf5
33. Rf1 Qe5 34. Rg1+ Kf6 35. Qh4+ Kf7 36. Re1 Rh5 37. Qb4 Qc7 38. Qe4 Qd7 39.
Rf1+ Kg8 40. a3 Rd5 41. Qf3 Qe7 42. Qg3 Qd6 43. Qg4 Qd7 44. Qf3 Qe7 45. Qf4 Re5
46. Ka2 g5 47. Qg3 Re2 48. Rf5 Qe6+ 49. Qb3 Qxb3+ 50. Kxb3 Rg2 51. a4 Kg7 52.
a5 Kg6 53. Rf8 Re2 54. c4 Re7 55. Kb4 g4 56. Kc5 Rf7 57. Rg8+ Rg7 58. Rd8 g3
59. b4 Kf6 60. Rd1 g2 61. Rg1 Ke6 62. Kb6 Kd6 63. b5 cxb5 64. cxb5 Kd5 65. Rd1+
Kc4 66. Rc1+ Kb4 67. Rb1+ Ka4 1/2-1/2

[Event "Championnat de France Junior"]
[Site "CALVI"]
[Date "2005.04.21"]
[Round "6.5"]
[White "Tournier, Mathieu"]
[Black "Terrieux, Kevin"]
[Result "1/2-1/2"]
[WhiteElo "2202"]
[BlackElo "2300"]
[PlyCount "41"]
[EventDate "2005.??.??"]
[SourceDate "2005.04.17"]

1. e4 c5 2. c3 Nf6 3. e5 Nd5 4. d4 cxd4 5. Nf3 Nc6 6. Bc4 Nb6 7. Bb3 d5 8. exd6
Qxd6 9. O-O dxc3 10. Nxc3 Qxd1 11. Rxd1 Bg4 12. Nb5 Rc8 13. Be3 a6 14. Nbd4
Nxd4 15. Bxd4 Bxf3 16. gxf3 Nd7 17. Rac1 Rxc1 18. Rxc1 Kd8 19. Bxf7 e5 20. Bc3
Bd6 21. Bd5 1/2-1/2

[Event "Championnat de France Junior"]
[Site "CALVI"]
[Date "2005.04.21"]
[Round "6.6"]
[White "Gregoire, Sylvain"]
[Black "Vitoux, Colomban"]
[Result "1-0"]
[WhiteElo "2280"]
[BlackElo "2265"]
[PlyCount "77"]
[EventDate "2005.??.??"]
[SourceDate "2005.04.17"]

1. d4 Nf6 2. c4 g6 3. Nc3 d5 4. Nf3 Bg7 5. Bg5 Ne4 6. cxd5 Nxg5 7. Nxg5 O-O 8.
h4 c6 9. e3 cxd5 10. Qb3 e6 11. Bd3 Nc6 12. Nf3 e5 13. Nxe5 Nxe5 14. dxe5 d4
15. exd4 Qxd4 16. Qd5 Qb4 17. O-O-O Be6 18. Qe4 Qa5 19. f4 Rac8 20. Bc2 Rc4 21.
Rd4 Rxc3 22. bxc3 Qxc3 23. Kb1 Rc8 24. Rhd1 Bf8 25. Rd8 Rc5 26. Qd3 Qb4+ 27.
Ka1 Ra5 28. Bb1 Ra3 29. Qd4 Qa5 30. Qd2 Qc5 31. Rc1 Qb6 32. f5 Bxf5 33. Bxf5
Qb5 34. Qd6 Rxa2+ 35. Kxa2 Qa4+ 36. Kb2 Qb5+ 37. Kc3 Qa5+ 38. Kd3 Qb5+ 39. Ke3
1-0

[Event "Championnat de France Junior"]
[Site "CALVI"]
[Date "2005.04.21"]
[Round "6.7"]
[White "Steinle, Thibaud"]
[Black "Bijaoui, Manuel"]
[Result "0-1"]
[WhiteElo "2138"]
[BlackElo "2345"]
[PlyCount "78"]
[EventDate "2005.??.??"]
[SourceDate "2005.04.17"]

1. e4 c5 2. c3 d5 3. exd5 Qxd5 4. d4 Nf6 5. Nf3 Nc6 6. Be3 cxd4 7. cxd4 e6 8.
Nc3 Bb4 9. Bd3 O-O 10. O-O Qa5 11. Rc1 Rd8 12. a3 Be7 13. b4 Qxa3 14. Nb5 Qxb4
15. Bd2 Qb2 16. Bc3 Qa2 17. Nc7 Qa3 18. Nxa8 Qd6 19. Qb3 Qb8 20. Nb6 axb6 21.
Qxb6 Nd5 22. Qb1 h6 23. Bd2 Qd6 24. Be3 Ncb4 25. Bh7+ Kf8 26. Ne5 Bf6 27. Nc4
Qe7 28. Be4 Kg8 29. Qb3 Bd7 30. Ra1 Bb5 31. Ra5 Ba6 32. Rfa1 Nc6 33. R5a4 Nxd4
34. Bxd4 Bxd4 35. Re1 Nc3 36. Rb4 Qc5 37. Kh1 Bxf2 38. Qxc3 Bxe1 39. Qxe1 Qxb4
{Diagramme #} 0-1

[Event "Championnat de France Junior"]
[Site "CALVI"]
[Date "2005.04.21"]
[Round "6.8"]
[White "Flament, Francois"]
[Black "Jessel, Stephen"]
[Result "0-1"]
[WhiteElo "2159"]
[BlackElo "2256"]
[PlyCount "104"]
[EventDate "2005.??.??"]
[SourceDate "2005.04.17"]

1. d4 d5 2. c4 e6 3. Nc3 Nf6 4. cxd5 exd5 5. Bg5 c6 6. e3 Be7 7. Bd3 Nbd7 8.
Qc2 O-O 9. Nf3 Re8 10. O-O Nf8 11. h3 Bd6 12. Rad1 Be6 13. Ne5 Be7 14. f4 N6d7
15. Nf3 f6 16. Bh4 Rc8 17. Qf2 a6 18. f5 Bf7 19. Bg3 c5 20. Bf4 b5 21. g4 Qa5
22. a3 Qb6 23. Kh1 cxd4 24. exd4 b4 25. axb4 Bxb4 26. Ra1 a5 27. Nb5 Nb8 28.
Rg1 Nc6 29. Qg3 g5 30. Bc7 Qb7 31. Bd6 Re3 32. Bxb4 Rxd3 33. Nd6 Qxb4 34. Nxc8
Nxd4 35. Ra3 Nxf3 36. Rxd3 Nxg1 37. Kxg1 Qc5+ 38. Qe3 Qxc8 39. Rc3 Qe8 40. Qb6
Qe1+ 41. Kg2 Qe4+ 42. Kf1 d4 43. Rc8 Qd3+ 44. Kf2 Qe3+ 45. Kf1 Qxh3+ 46. Kf2
Qe3+ 47. Kf1 Qf3+ 48. Ke1 d3 49. Qf2 Qxg4 50. Kf1 Qd1+ 51. Qe1 Qxe1+ 52. Kxe1
Bb3 0-1

[Event "Championnat de France Junior"]
[Site "CALVI"]
[Date "2005.04.21"]
[Round "6.9"]
[White "Perez, Flavio"]
[Black "Korman, Remi"]
[Result "1-0"]
[WhiteElo "2237"]
[BlackElo "2035"]
[PlyCount "91"]
[EventDate "2005.??.??"]
[SourceDate "2005.04.17"]

1. e4 c5 2. Nc3 Nc6 3. g3 g6 4. d3 d6 5. Bg2 Bg7 6. Be3 e6 7. Qd2 Rb8 8. Nge2
Nd4 9. Nc1 Qa5 10. O-O b5 11. Nb3 Qb6 12. Nc1 Ne7 13. Nd1 b4 14. c3 bxc3 15.
bxc3 Ndc6 16. Nb3 O-O 17. d4 cxd4 18. cxd4 Qb4 19. Nc3 Ba6 20. Rfb1 Qa3 21. f4
Bc4 22. g4 Qa6 23. e5 dxe5 24. Nc5 Qa5 25. fxe5 Rfd8 26. Nb7 Rxb7 27. Rxb7 Bxe5
28. Bxc6 Nxc6 29. Qf2 Bc7 30. Ne4 Ba6 31. Bd2 Qxd2 32. Qxd2 Bxb7 33. Qh6 f5 34.
Nf6+ Kf7 35. Qxh7+ Kxf6 36. Qxc7 Ba8 37. gxf5 gxf5 38. Rd1 Rd5 39. Kf2 Nxd4 40.
Rg1 f4 41. Qg7+ Kf5 42. Qh7+ Ke5 43. Qh8+ Kf5 44. Qxa8 Nc2 45. Qf8+ Ke4 46. Qa8
1-0

[Event "Championnat de France Junior"]
[Site "CALVI"]
[Date "2005.04.21"]
[Round "6.10"]
[White "Pucher, Sebastien"]
[Black "Galby, Vassili"]
[Result "1-0"]
[WhiteElo "2181"]
[BlackElo "1946"]
[PlyCount "55"]
[EventDate "2005.??.??"]
[SourceDate "2005.04.17"]

1. e4 c5 2. Nf3 Nc6 3. d4 cxd4 4. Nxd4 Nf6 5. Nc3 e5 6. Ndb5 d6 7. Bg5 a6 8.
Na3 b5 9. Bxf6 gxf6 10. Nd5 f5 11. c3 Bg7 12. exf5 Bxf5 13. Nc2 O-O 14. Nce3
Be6 15. g3 f5 16. Qh5 Rb8 17. Bg2 b4 18. O-O bxc3 19. bxc3 Ne7 20. Rad1 Nxd5
21. Bxd5 Bxd5 22. Rxd5 f4 23. Nf5 fxg3 24. hxg3 Rf6 25. Rfd1 Bf8 26. Rxe5 Rb2
27. Qg5+ Kh8 28. Re6 1-0

[Event "Championnat de France Junior Fille"]
[Site "CALVI"]
[Date "2005.04.21"]
[Round "6.1"]
[White "Penalver, Marion"]
[Black "Wolfangel, Florence"]
[Result "0-1"]
[WhiteElo "1902"]
[BlackElo "1926"]
[PlyCount "72"]
[EventDate "2005.??.??"]
[SourceDate "2005.04.17"]

1. e4 e6 2. d4 d5 3. Nd2 Nf6 4. e5 Nfd7 5. Bd3 c5 6. c3 Nc6 7. Ne2 cxd4 8. cxd4
f6 9. exf6 Qxf6 10. Nf3 h6 11. O-O Bd6 12. Ng3 O-O 13. Bb1 Qf7 14. Qd3 g5 15.
Bxg5 Nb4 16. Qe2 Bxg3 17. Bxh6 Bf4 18. Bxf8 Nxf8 19. g3 Bd6 20. Ng5 Qg7 21. Qh5
Bd7 22. Rd1 Rc8 23. h4 e5 24. a3 Nc2 25. Bxc2 Rxc2 26. dxe5 Bxe5 27. Rxd5 Bxb2
28. Rad1 Rc1 29. Rxc1 Bxc1 30. Qd1 Bc6 31. Rf5 Qg6 32. Re5 Qf6 $11 33. Qb3+ Kg7
34. Ne6+ Kh8 35. Rh5+ Bh6 36. Nxf8 Qa1+ 0-1

[Event "Championnat de France Junior Fille"]
[Site "CALVI"]
[Date "2005.04.21"]
[Round "6.2"]
[White "Swiercz, Sandra"]
[Black "Roos, Eliane"]
[Result "1/2-1/2"]
[WhiteElo "1948"]
[BlackElo "1950"]
[PlyCount "132"]
[EventDate "2005.??.??"]
[SourceDate "2005.04.17"]

1. e4 e6 2. d4 d5 3. Nc3 Bb4 4. Nge2 dxe4 5. a3 Bxc3+ 6. Nxc3 Nf6 7. Bg5 Nc6 8.
Bb5 O-O 9. Bxc6 bxc6 10. Nxe4 Qd5 11. Nxf6+ gxf6 12. Bxf6 Qxg2 13. Rf1 Qe4+ 14.
Qe2 Qxe2+ 15. Kxe2 Ba6+ 16. Kd2 Bxf1 17. Rxf1 h5 18. Rg1+ Kh7 19. Rg7+ Kh6 20.
h4 Rab8 21. b3 Rbc8 22. Rg5 Rg8 23. Rc5 Kg6 24. Be5 f6 25. Bg3 Rgd8 26. Ke3 Rd5
27. Rxc6 Kf5 28. Ra6 c5 29. dxc5 Rcxc5 30. c4 Rd7 31. Bd6 Rc8 32. f3 e5 33. c5
Re8 34. Ra4 Ke6 35. Rc4 Rc8 36. Re4 Kd5 37. Kd3 Rg7 38. b4 Rg3 39. Ke3 Re8 40.
Kf2 Rg7 41. b5 f5 42. Re1 e4 43. a4 Rgg8 44. a5 exf3 45. Rd1+ Kc4 46. b6 axb6
47. axb6 Re2+ 48. Kxf3 Rb2 49. Re1 Kd5 50. Re5+ Kc6 51. Rxf5 Rb3+ 52. Ke4 Rb4+
53. Ke5 Re8+ 54. Kf6 Rxh4 55. Kf7 Ree4 56. Rf6 Kb7 57. Bc7 Rc4 58. Bd6 Rhe4 59.
Kf8 Ka6 60. Rf7 Rb4 61. Ra7+ Kb5 62. b7 Kc6 63. Ra6+ Kxb7 64. Ra3 Rbc4 65. Rb3+
Kc6 66. Be7 $11 Rf4+ 1/2-1/2